Statistics for Countries by Hint #2

Click here to take the quiz!

General Stats

  • This quiz has been taken 14 times
  • The average score is 5 of 10

Answer Stats

HintAnswer% Correct
Longest CoastlineCanada
100%
Most Persian SpeakersIran
71%
Smallest Island CountryNauru
64%
Northernmost in AfricaTunisia
64%
Oil DependentSaudi Arabia
50%
Highest Population GrowthIndia
50%
Most CatholicsBrazil
43%
Forested (%)Suriname
29%
Net Migration (increase)United States
29%
Net Migration (decrease)Syria
21%

Score Distribution

Percentile by Number Answered

Percent of People with Each Score

Your Score History

You have not taken this quiz